Hamilton Lyrics Sort #31 - Washington on Your Side - Statistics

General Stats
  • This quiz has been taken 13 times
  • The average score is 18 of 56
Answer Stats
Hint Answer % Correct
Line 1 It must be nice, it must be nice [1]
83%
Line 4 Every action has an equal opposite reaction
50%
Line 3 It must be nice, it must be nice [2]
50%
Line 2 To have Washington on your side [1]
50%
Line 38 And watching and grabbing the power and kiss it
33%
Line 11 As Wall Street robs 'em blind in search of chips to cash in
33%
Line 30 Centralizing national credit and making American credit competitive
33%
Line 50 Follow the money and see where it goes
33%
Line 29 Follow the scent of his enterprise
33%
Line 48 Get in the weeds, look for the seeds of Hamilton's misdeeds
33%
Line 35 If there's a fire you're trying to douse
33%
Line 39 If Washington isn't gon' listen to disciplined dissidents
33%
Line 31 If we don't stop it, we aid and abet it
33%
Line 8 I get no satisfaction witnessing his fits of passion
33%
Line 32 I have to resign
33%
Line 15 I'll pull the trigger on him, someone load the gun and cock it
33%
Line 37 I'm in the cabinet, I am complicit
33%
Line 17 It must be nice, it must be nice [3]
33%
Line 19 It must be nice, it must be nice [4]
33%
Line 21 Look back at the Bill of Rights (which I wrote!)
33%
Line 27 Look in his eyes
33%
Line 46 Oh! Because every second the treasury grows
33%
Line 47 Oh! If we follow the money and see where it leads
33%
Line 43 Oh! Let's show these Federalists what they're up against
33%
Line 45 Oh! Now follow the money and see where it goes
33%
Line 44 Oh! Southern motherfucking Democratic-Republicans
33%
Line 42 Oh! This immigrant's keeping us all on our toes
33%
Line 10 Our poorest citizens, our farmers, live ration to ration
33%
Line 28 See how he lies
33%
Line 25 So he's doubled the size of the government
33%
Line 13 Somebody give me some dirt on his vacuous mask
33%
Line 33 Somebody has to stand up for the South
33%
Line 14 So we can, at last, unmask him
33%
Line 55 Still, it must be nice, it must be nice
33%
Line 5 Thanks to Hamilton, our cabinet's fractured into factions
33%
Line 52 The emperor has no clothes
33%
Line 9 The way he primps and preens and dresses like the pits of fashion
33%
Line 40 This is the difference, this kid is out
33%
Line 12 This prick is asking for someone to bring him to task
33%
Line 18 To have Washington on your side [2]
33%
Line 56 To have Washington on your side [5]
33%
Line 6 Try not to crack under stress, we're breaking down like fractions
33%
Line 26 Wasn't the trouble with much of our previous government size?
33%
Line 7 We smack each other in the press, and we don't print retractions
33%
Line 54 We won't be denied
33%
Line 53 We won't be invisible
33%
Line 16 While we were all watching, he got Washington in his pocket
33%
Line 36 You can't put it out from inside the house
33%
Line 23 It must be nice, it must be nice [5]
17%
Line 49 It must be nice, it must be nice [6]
17%
Line 51 It must be nice, it must be nice [7]
17%
Line 41 Oh! This immigrant isn't somebody we chose
17%
Line 22 The ink hasn't dried
17%
Line 20 To have Washington on your side [3]
17%
Line 24 To have Washington on your side [4]
17%
Line 34 Well, somebody has to stand up for the South
17%
No matching quizzes found
Score Distribution
Percent of People with Each Score
Percentile by Number Answered
Your Score History
You have not taken this quiz